| 000 | 01076cam a2200301 i 4500 | ||
|---|---|---|---|
| 999 |
_c200444343 _d62555 |
||
| 003 | TR-AnTOB | ||
| 005 | 20230906133803.0 | ||
| 007 | ta | ||
| 008 | 981101b1984 tu 100 0 tur u | ||
| 040 |
_aBGZ _beng _erda _cBGZ _dTR-AnTOB |
||
| 041 | 0 | _atur | |
| 050 | 4 |
_aHD9280.T9 _bB49 1984 |
|
| 090 |
_aHD9280.T9 _bB49 1984 |
||
| 111 | 2 |
_aBeyaz Peynir Yapım Tekniği ve Karşılaşılan Sorunlar Eğitim Semineri _d(1984) _9139544 |
|
| 245 | 1 | 0 |
_aBeyaz peynir yapım tekniği karşılaşılan sorunlar eğitim semineri : _b2-3 Mart 1984. |
| 264 | 1 |
_aİstanbul : _bİstanbul Ticaret Odası, _c1984. |
|
| 300 |
_a228 pages ; _c24 cm |
||
| 336 |
_2rdacontent _atext _btxt |
||
| 337 |
_2rdamedia _aunmediated _bn |
||
| 338 |
_2rdacarrier _avolume _bnc |
||
| 490 | 0 |
_aİstanbul Ticaret Odası ; _vyayın no: 1984-14 |
|
| 650 | 0 |
_aPeynir endüstrisi _zTürkiye _vKongreler _976486 |
|
| 650 | 7 |
_aPeynircilik _zTürkiye _vKongreler _2etuturkob _9139545 |
|
| 710 | 2 |
_aİstanbul Ticaret Odası _919571 |
|
| 942 |
_2lcc _cBK |
||